Famous People from the 21st Century AD - Statistics

General Stats
  • This quiz has been taken 159 times
  • The average score is 15 of 20
Answer Stats
Hint Answer % Correct
First black President of the USA and winner of a Nobel Prize Barack Obama
98%
Russian President, annexed Crimea, ended the Second Chechen War Vladimir Putin
97%
US-President, who ordered the Invasion of Iraq and Afghanistan George W. Bush
95%
Al-Qaida leader, responsible for 9/11, killed in 2011 Osama Bin Laden
92%
Author of the Harry Potter Series Joanne K. Rowling
91%
First female chancelor of Germany Angela Merkel
90%
Apple Ceo and co-founder, introduced the world to the iPhone Steve Jobs
90%
Founder and CEO of Facebook Mark Zuckerberg
87%
CEO and founder of Amazon, currently richest man of the world Jeff Bezos
82%
First Pope from South America, known for his humility and concern for the poor Pope Francis
77%
President of China since 2013 Xi Jinping
74%
Prime Minister of the UK from 1997 to 2007, transformed his party from a Socialdemocratic to a neo-liberal "New Labour" party Tony Blair
68%
Director of Pulp Fiction, Kill Bill, Inglorious Basterds and Django Unchained Quentin Tarantino
67%
Dictator of Libya, who lost his position and life due to the Arab Spring Muammar Gaddafi
63%
Dictator of Syria, tried to suppress pro-democratic demonstrations and caused the Syrian Civil War Bashar al Assad
53%
Anonymous street artist from England, known for his "Girl with baloon" and the movie "Exit through the gift shop" Banksy
52%
Ex-President of Italy and AC Milan, known for his many affairs and sex parties Silvio Berlusconi
50%
Director of the Dark Knight series, Inception, Interstellar and Dunkirk Christopher Nolan
49%
Author of the "A Song of Ice and Fire" book series George R R Martin
44%
President of the Philippines since 2016, known for his brutal war against drug dealers and addicts Rodrigo Duterte
32%
No matching quizzes found
Score Distribution
Percent of People with Each Score
Percentile by Number Answered
Your Score History
You have not taken this quiz